MARC details
| 000 -CABECERA |
| campo de control de longitud fija |
01617nam a22004097a 4500 |
| 003 - IDENTIFICADOR DEL NÚMERO DE CONTROL |
| campo de control |
DO-SdBNP |
| 005 - FECHA Y HORA DE LA ÚLTIMA TRANSACCIÓN |
| campo de control |
20211116112752.0 |
| 007 - CAMPO FIJO DE DESCRIPCIÓN FÍSICA--INFORMACIÓN GENERAL |
| campo de control de longitud fija |
ta |
| 008 - DATOS DE LONGITUD FIJA--INFORMACIÓN GENERAL |
| campo de control de longitud fija |
211116b2017 a|||e |||| 001 0dspa d |
| 020 ## - NÚMERO INTERNACIONAL ESTÁNDAR DEL LIBRO |
| Número Internacional Estándar del Libro |
9789945580518 |
| 040 ## - FUENTE DE LA CATALOGACIÓN |
| Centro catalogador/agencia de origen |
DO-SdBNP |
| Lengua de catalogación |
spa |
| Centro/agencia transcriptor |
BNPHU |
| 082 4# - NÚMERO DE LA CLASIFICACIÓN DECIMAL DEWEY |
| Número de edición |
22 |
| Número de clasificación |
346 |
| Número de documento/Ítem |
H557i |
| 100 #0 - ENTRADA PRINCIPAL--NOMBRE DE PERSONA |
| 9 (RLIN) |
10463 |
| Nombre de persona |
Hernández, Pedro Pablo |
| 245 10 - MENCIÓN DE TÍTULO |
| Título |
Introducción al derecho privado / |
| Mención de responsabilidad, etc. |
Pedro Pablo Hernández ; Lennys Tejada Betancourt |
| 250 ## - MENCIÓN DE EDICIÓN |
| Mención de edición |
2da. |
| 260 ## - PUBLICACIÓN, DISTRIBUCIÓN, ETC. |
| Lugar de publicación, distribución, etc. |
Santiago de los Caballeros, Rep. Dom. : |
| Nombre del editor, distribuidor, etc. |
UAPA, |
| Fecha de publicación, distribución, etc. |
2017. |
| 300 ## - DESCRIPCIÓN FÍSICA |
| Extensión |
279 p. : (12) |
| Otras características físicas |
il.; |
| Dimensiones |
27 cm |
| 490 ## - MENCIÓN DE SERIE |
| Mención de serie |
Autoaprendizaje ; |
| Designación de volumen o secuencia |
v.10 |
| 500 ## - NOTA GENERAL |
| Nota general |
Incluye datos biográficos del autor en la contraportada del libro. |
| 500 ## - NOTA GENERAL |
| Nota general |
Incluye indice general |
| 504 ## - NOTA DE BIBLIOGRAFÍA, ETC. |
| Nota de bibliografía, etc. |
Bibliografía : p. 279 |
| 505 ## - NOTA DE CONTENIDO CON FORMATO |
| Nota de contenido con formato |
Unidad I. El derecho, su relación con otras ciencias y sus ramas. |
| 505 ## - NOTA DE CONTENIDO CON FORMATO |
| Nota de contenido con formato |
Unidad II. Los derechos, clasificación, fuentes, los bienes. |
| 505 ## - NOTA DE CONTENIDO CON FORMATO |
| Nota de contenido con formato |
Unidad III. Las normas jurídicas y su interpretación. |
| 505 ## - NOTA DE CONTENIDO CON FORMATO |
| Nota de contenido con formato |
Unidad IV. Los poderes del Estado: composición y función. |
| 505 ## - NOTA DE CONTENIDO CON FORMATO |
| Nota de contenido con formato |
Unidad VI. El acto jurídico y su clasificación. |
| 505 ## - NOTA DE CONTENIDO CON FORMATO |
| Nota de contenido con formato |
Unidad VII. Requisitos de los contratos y las nulidades. |
| 505 ## - NOTA DE CONTENIDO CON FORMATO |
| Nota de contenido con formato |
Unidad VIII. Las pruebas de los derechos. |
| 505 ## - NOTA DE CONTENIDO CON FORMATO |
| Nota de contenido con formato |
Bibliografía general. |
| 505 ## - NOTA DE CONTENIDO CON FORMATO |
| Nota de contenido con formato |
Glosario de términos. |
| 590 ## - NOTA LOCAL (RLIN) |
| Nota local |
Inventariado, 2021 / SA |
| 650 40 - PUNTO DE ACCESO ADICIONAL DE MATERIA--TÉRMINO DE MATERIA |
| 9 (RLIN) |
35837 |
| Término de materia o nombre geográfico como elemento de entrada |
Derecho privado |
| Subdivisión geográfica |
República Dominicana |
| 700 1# - PUNTO DE ACCESO ADICIONAL--NOMBRE DE PERSONA |
| Nombre de persona |
Tejada Betancourt, Lennys |
| Término indicativo de función/relación |
editor |
| 9 (RLIN) |
79591 |
| 700 1# - PUNTO DE ACCESO ADICIONAL--NOMBRE DE PERSONA |
| Nombre de persona |
Hernández, Luisa |
| Término indicativo de función/relación |
Corrección y estilo |
| 9 (RLIN) |
66105 |
| 910 ## - DATOS DE OPCIÓN DEL USUARIO (OCLC) |
| Datos de opción del usuario |
Saquino |
| 942 ## - ELEMENTOS DE PUNTO DE ACCESO ADICIONAL (KOHA) |
| Fuente del sistema de clasificación o colocación |
Dewey Decimal Classification |
| Tipo de ítem Koha |
Libro |